000 01330nam a2200337 a 4500
001 000111623
003 CHAP
005 20220329144222.0
008 150622s2015 mx sm |||||||spa d
010 _a108084
011 _a109056
040 _cCHAP
090 _aTesis
100 1 _aSantamaría Estrada, Carlos Enrique
_9129535
245 1 0 _aSuplementación focalizada en glutamato, desarrollo de folículos antrales y patrón de secreción de LH en cabras adultas
_h[En línea]
_cpor Carlos Enrique Santamaría Estrada.
260 _aBermejillo, Durango :
_bEl autor,
_c2015.
500 _aPara ver el contenido del material haga clic en la liga
502 _aTesis (Ing. en Sistemas Pecuarios) -- UACH. Unidad Regional Universitaria de Zonas Áridas
590 _aE11695DGD
_b10
_c20150623
_lUCH01
_h0924
590 _aE5765TAJ
_b05
_c20150622
_lUCH01
_h1209
590 _aE5765TAJ
_b05
_c20150622
_lUCH01
_h1209
650 1 4 _aGanado cabrío
_xAlimentación.
_944990
650 1 4 _aGanado cabrío
_xNutrición.
_945030
650 1 4 _aGanado cabrío
_xProducción.
_945038
650 1 4 _aGlutamato
_xEfecto en ganado cabrío.
_9129537
650 1 4 _aHormonas
_xEfecto en ganado cabrío.
_9129536
856 _aFinding aid
_uhttp://10.13.5.2/tesis/sist111623.pdf
_zTeclea aquí
901 _aBK
942 _cTESIS
942 _n0
999 _c108084
_d108084